000 00993cam a22002531i 4500
003 SA-RiAUC
005 20251103134339.0
008 251015s1983 su g f00010 ara c
040 _aSA-MdTU
_bara
_cSA-RiAUC
_erda
082 0 4 _a214.305242
_qSA-RiAUC
090 _a214.305242
_bع ث ي
100 1 _aالعثيمين، محمد بن صالح بن محمد،
_d1347-1421 هجري
_eمؤلف.
245 1 0 _aمن مشكلات الشباب /
_cمحمد الصالح العثيمين.
250 _aالطبعة الثانية.
264 1 _aالمدينة المنورة :
_bالجامعة الإسلامية،
_c1983
300 _a26 صفحة ؛
_c24 سم
336 _aنص
_btxt
_2rdacontent
_3كتاب
337 _aبدون وسيط
_bn
_2rdamedia
338 _aمجلد
_bnc
_2rdacarrier
650 7 _aالإسلام والشباب
_2aucsh
650 7 _aالإسلام والإصلاح الاجتماعي
_2aucsh
942 _2ddc
_cBOOK
_n0
949 _aSA-JeALM
_d251015
_umohamedma123
_n1
999 _c12991
_d12991